Bossowie - Dark Souls 3 - Statystyki

Ogólne statystyki
  • Ten quiz został rozwiązany 144 razy
  • Średni wynik to 9 z 25
Statystyki odpowiedzi
numer Boss % Poprawnych
1. Iudex Gundyr
84%
15. Czempion Gundyr
70%
2. Vordt z Mroźnej Doliny
61%
6. Stróże Otchłani
56%
25. Rycerz-niewolnik Gael
54%
12. Tancerka z Mroźnej Doliny
54%
3. Toczony przez Klątwę Drzewiec
51%
4. Kryształowy Mędrzec
48%
7. Wielki Władca Wolnir
46%
19. Dusza Pogorzelisk
40%
10. Yhorm Gigant
40%
5. Biskupi Głębin
39%
24. Midir Mrokożerca
38%
9. Pontyfik Sulyvahn
38%
11. Aldrich, Pożeracz Bogów
37%
13. Zbroja Zabójcy Smoków
31%
8. Stary Król Demonów
28%
21. Siostra Friede i Ojciec Ariandel
27%
16. Starożytna Wiwerna
27%
23. Półmrok, Włócznia Kościoła
21%
22. Cierpiący Demon i Demon z Czeluści
16%
17. Król Burzy, Bezimienny Król
12%
14. Oceiros, Pożarty Król
12%
20. Strażnik Grobu Czempiona i Wielki Wilk, Stróż Grobu
7%
18. Lothric, Młodszy Książę i Lorian, Starszy Książę
4%
Nie znaleziono quizów pasujących do podanych kryteriów
Rozkład punktacji
Procent ludzi z każdym wynikiem
Percentyl według liczby udzielonych odpowiedzi
Twoja historia wyników
Nie rozwiązałeś tego quizu